000 00336 a2200109 4500
001 ART_44824
005 20260410162005.0
008 260409a
245 1 0 _aCompetitividad y medio ambiente
100 1 _aRomo Murillo, David
773 0 _tRevista de economía y estadística
_g- Vol. XLV, Nº 1 (oct. 2007)
_wREV34359
999 _c31599
_d31599